000 00857nms a22002537a 4500
003 NALT
005 20250814102607.0
006 a|||||r|||| 00| 0
007 ca aa aaaaaaaa
008 210222b th |||p| |||| 00| 0 tha d
022 _a01253689 (Online)
040 _aNALT
041 _atha
245 0 0 _aพัฒนบริหารศาสตร์
260 _aสถาบันบัณฑิตพัฒนบริหารศาสตร์
310 _aรายสามเดือน
500 _aวารสารอิเล็กทรอนิกส์
650 0 _910585
_aการบริหาร
650 0 _aการบริหารธุรกิจ
_99125
850 _aNALT
856 _uhttps://so04.tci-thaijo.org/index.php/NDJ/issue/archive
942 _cEJN
996 _ajintana.i
_bSERSTF
_c2023-03-29
999 _c98031
_d98031
998 _j755
_k นางจินตนา เอี่ยมคง